005940000a2200241000450000500170000094200090001724500390002626000260006530000100009104000080010136500080010965000120011765000140012965000130014365000130015665000150016965000180018465000100020265000230021265000140023599900190024995200840026820120302061301.0 cBOOK a Asiatic annual register-year 1804 aLondon:J.Debrett,1806 a530p. aENG bRs. aHistory aHindustan aPolitics aCommerce aLiterature aMiscellaneous aIndia aCivil and military aChronicle c353543d353540 00104070aIOSbIOSd2009-12-02l0pIOS-12823r2009-12-02 00:00:00w2009-12-02